Gerard Manley Hopkins /

Bibliographic Details
Main Author: Bump, Jerome
Format: Book
Language:English
Published: Boston : Twayne Publishers, [1982]
Series:Twayne's English authors series ; TEAS 332.
Subjects:

MARC

Tag First Indicator Second Indicator Subfields
LEADER 00000pam a2200000 a 4500
001 in00000086364
005 20151008062659.0
008 811116s1982 mauc b 00110 eng
010 |a  81020067  
020 |a 080576819X 
035 |a (OCoLC)07998789 
035 |9 AAK0724AM 
039 0 |a 2  |b 3  |c 3  |d 3  |e 3 
040 |a DLC  |c DLC  |d UtOrBLW 
049 |a TXAM  |c [1673464] 
050 0 0 |a PR4803 H44  |b  Z597 1982 
082 0 |a 821/.8  |2 19 
100 1 |a Bump, Jerome. 
245 1 0 |a Gerard Manley Hopkins /  |c by Jerome Bump. 
264 1 |a Boston :  |b Twayne Publishers,  |c [1982] 
264 4 |c ©1982 
300 |a 225 pages :  |b portrait ;  |c 21 cm. 
336 |a text  |b txt  |2 rdacontent 
337 |a unmediated  |b n  |2 rdamedia 
338 |a volume  |b nc  |2 rdacarrier 
490 1 |a Twayne's English authors series ;  |v TEAS 332 
500 |a Includes index. 
504 |a Bibliography: pages 210-215. 
600 1 0 |a Hopkins, Gerard Manley,  |d 1844-1889  |x Criticism and interpretation. 
830 0 |a Twayne's English authors series ;  |v TEAS 332. 
999 |a MARS 
999 f f |s 3e03bd51-6d82-3573-9d7d-a73f244734e4  |i d53804e9-6e98-388c-992b-e9cea0f88886  |t 0 
952 f f |p normal  |a Texas A&M University  |b College Station  |c Sterling C. Evans Library  |d Evans: Library Stacks  |t 0  |e PR4803 H44 Z597 1982  |h Library of Congress classification  |i unmediated -- volume  |m A14805969565 
998 f f |a PR4803 H44 Z597 1982  |t 0  |l Evans: Library Stacks